| 000 | 01004nam a22003137a 4500 | ||
|---|---|---|---|
| 001 | BR2016000324 | ||
| 003 | BR-BrBNA | ||
| 005 | 20230928104800.0 | ||
| 007 | ta | ||
| 008 | 230509b bl.||||| |||| 00| 0 por d | ||
| 040 |
_aBR-BrBNA _bpor _cBiblioteca Nacional de Agricultura |
||
| 041 | _a(Por) | ||
| 072 |
_aH10 _b1845 _b2252 _b4020 |
||
| 090 | _ 1845 BR2016000324 | ||
| 100 | 1 | _aFerreira, R.B. | |
| 110 | 1 |
_aUniversidade Federal de Lavras, MG (Brasil) _0Tese (Doutorado) |
|
| 245 | 1 | _aAvaliação de parâmetros biológicos de Chrysoperla externa (Hagen)e Eriopis connexa (German)alimentados com o pulgão Myzus persicae (Sulzer)em pimentão e coentro | |
| 260 | 3 |
_aLavras, MG (Brasil): _c2015. |
|
| 300 | _a88 p. | ||
| 500 | _aSummaries (Eng, Por); Several bibliography; 6 tables | ||
| 650 | _aPIMENTÃO | ||
| 650 | _aPULGÃO | ||
| 650 | _aLARVA | ||
| 650 | _aCOENTRO | ||
| 650 | _aCONTROLE BIOLÓGICO | ||
| 650 | _aBIOLOGIA | ||
| 909 |
_a202309 _bLucia _c55 _dLucia Elande |
||
| 942 | _cBK | ||
| 999 |
_c81729 _d81729 |
||